000 00328 a2200145 4500
999 _c12924
_d12924
003 OSt
005 20240725154100.0
008 240725b ||||| |||| 00| 0 eng d
020 _a9789867022929
100 _aCHEN HUARONG
245 _aMagic Paintbrush by Illustcation
260 _bPHOENIX
300 _a327p;
942 _2ddc